[Event "Monarch Assurance Isle of Man 11th"]
[Site "Port Erin IOM"]
[Date "2002.09.29"]
[Round "2.20"]
[White "Ledger, Andrew J"]
[Black "Brady, Stephen"]
[Result "1/2-1/2"]
[WhiteElo "2408"]
[BlackElo "2353"]
[PlyCount "132"]
[EventDate "2002.09.28"]
[EventType "swiss"]
[EventRounds "9"]
[EventCountry "IOM"]
[SourceTitle "BritBase"]
[SourceDate "2008.07.14"]
[SourceVersion "1"]
[SourceVersionDate "2008.07.14"]
[SourceQuality "2"]

1. e4 e6 2. d4 d5 3. Nd2 Nf6 4. e5 Nfd7 5. Bd3 c5 6. c3 Nc6 7. Ne2 cxd4 8. cxd4
f6 9. exf6 Nxf6 10. Nf3 Bd6 11. O-O Qc7 12. Bg5 O-O 13. Rc1 Bd7 14. Bb1 Be8 15.
Ng3 h6 16. Bd2 Qb6 17. Bc3 Bf4 18. Rc2 Bg6 19. Re2 Bxb1 20. Qxb1 Bxg3 21. hxg3
Ne4 22. Qd3 Rf7 23. Nd2 Nxd2 24. Rxd2 Re8 25. a3 a6 26. Re1 Rf6 27. Re3 Qd8 28.
Rde2 Qd7 29. b4 Na7 30. g4 g5 31. f3 Qh7 32. Be1 Qxd3 33. Rxd3 Rc8 34. Bg3 Rc4
35. Be5 Rf8 36. Bd6 Re8 37. Bc5 Nc8 38. b5 b6 39. Bb4 a5 40. Be1 Nd6 41. Bg3
Nxb5 42. Be5 Nc3 43. Ree3 Rec8 44. a4 Nxa4 45. f4 Nb2 46. Rb3 Rc1+ 47. Kh2 Nc4
48. Rh3 Nd2 49. Rxb6 Nf1+ 50. Kg1 Ng3+ 51. Kh2 Nf1+ 52. Kg1 Ne3+ 53. Kh2 Nxg4+
54. Kg3 Nxe5 55. fxe5 R1c6 56. Rb7 Rc3+ 57. Kg4 Rxh3 58. gxh3 Ra8 59. Kh5 a4
60. Kxh6 a3 61. Rb1 a2 62. Ra1 Ra3 63. Kxg5 Kg7 64. h4 Rg3+ 65. Kh5 Ra3 66. Kg5
Rg3+ 1/2-1/2

[Event "Monarch Assurance Isle of Man 11th"]
[Site "Port Erin IOM"]
[Date "2002.09.29"]
[Round "2.22"]
[White "Welling, Gerard"]
[Black "Burrows, Martin"]
[Result "1/2-1/2"]
[WhiteElo "2393"]
[BlackElo "2196"]
[PlyCount "89"]
[EventDate "2002.09.28"]
[EventType "swiss"]
[EventRounds "9"]
[EventCountry "IOM"]
[SourceTitle "BritBase"]
[SourceDate "2008.07.14"]
[SourceVersion "1"]
[SourceVersionDate "2008.07.14"]
[SourceQuality "2"]

1. d4 e6 2. Nd2 c5 3. e3 b6 4. Ngf3 Bb7 5. Bd3 Nf6 6. O-O Be7 7. c3 d5 8. Ne5
O-O 9. f4 Nbd7 10. Qf3 Ne8 11. b3 Nd6 12. Bb2 Nf6 13. Qe2 a5 14. a4 Qc8 15.
Rac1 Re8 16. c4 Nde4 17. Ndf3 Rf8 18. Rc2 Qd8 19. Rd1 Rc8 20. Ng5 h6 21. Ngf3
Rc7 22. cxd5 exd5 23. Rdc1 Bd6 24. Bb5 Qe7 25. dxc5 Bxc5 26. Nd4 Rfc8 27. Bd3
Nd6 28. Kh1 Nd7 29. Nf5 Nxf5 30. Bxf5 Bc6 31. Nxc6 Rxc6 32. Qg4 d4 33. Bxd4
Bxd4 34. Rxc6 Rxc6 35. Rxc6 Qxe3 36. Qd1 Nf8 37. Rc4 Bc5 38. Re4 Qf2 39. g3 g6
40. Bh3 Qb2 41. Re2 Qf6 42. Re5 h5 43. Bg2 h4 44. Qd5 hxg3 45. Qf3 1/2-1/2

[Event "Monarch Assurance Isle of Man 11th"]
[Site "Port Erin IOM"]
[Date "2002.09.29"]
[Round "2.23"]
[White "Fox, Anthony"]
[Black "Cioara, Andrei Nestor"]
[Result "1/2-1/2"]
[WhiteElo "2142"]
[BlackElo "2414"]
[PlyCount "63"]
[EventDate "2002.09.28"]
[EventType "swiss"]
[EventRounds "9"]
[EventCountry "IOM"]
[SourceTitle "BritBase"]
[SourceDate "2008.07.14"]
[SourceVersion "1"]
[SourceVersionDate "2008.07.14"]
[SourceQuality "2"]

1. e4 c6 2. d3 d5 3. Nd2 e5 4. Ngf3 Bd6 5. g3 Nf6 6. Bg2 O-O 7. O-O Re8 8. b3
Nbd7 9. Bb2 Qe7 10. Re1 Ba3 11. Qc1 Bxb2 12. Qxb2 d4 13. a4 a5 14. Nc4 b6 15.
Qa3 Ba6 16. Qxe7 Rxe7 17. Nfd2 Rb8 18. h4 Ne8 19. Bh3 Nc5 20. Kh2 Bxc4 21. Nxc4
Na6 22. Re2 Nb4 23. f4 f6 24. fxe5 fxe5 25. Rf1 b5 26. Ref2 Nc7 27. Nd6 g6 28.
h5 gxh5 29. Nf7 Kg7 30. Nd6 Kg8 31. Nf7 Kg7 32. Nd6 1/2-1/2

[Event "Monarch Assurance Isle of Man 11th"]
[Site "Port Erin IOM"]
[Date "2002.09.29"]
[Round "2.24"]
[White "Cooper, Lawrence"]
[Black "Kelly, David"]
[Result "1-0"]
[WhiteElo "2349"]
[BlackElo "1860"]
[PlyCount "53"]
[EventDate "2002.09.28"]
[EventType "swiss"]
[EventRounds "9"]
[EventCountry "IOM"]
[SourceTitle "BritBase"]
[SourceDate "2008.07.14"]
[SourceVersion "1"]
[SourceVersionDate "2008.07.14"]
[SourceQuality "2"]

1. e4 e6 2. d4 d5 3. Nd2 c5 4. exd5 Qxd5 5. Ngf3 cxd4 6. Bc4 Qd6 7. O-O Nf6 8.
Nb3 Nc6 9. Nbxd4 Nxd4 10. Nxd4 a6 11. Bb3 Qc7 12. Qf3 Bd6 13. h3 O-O 14. Bg5
Be7 15. Rfe1 Nd5 16. Bxe7 Nxe7 17. c3 Ng6 18. Bc2 Rb8 19. Qh5 Rd8 20. Rad1 b5
21. Nc6 Rxd1 22. Rxd1 Bb7 23. Nxb8 Qxb8 24. Qg5 Nf8 25. Rd8 Qc7 26. Bxh7+ Kxh7
27. Rxf8 1-0

[Event "Monarch Assurance Isle of Man 11th"]
[Site "Port Erin IOM"]
[Date "2002.09.29"]
[Round "2.25"]
[White "Ormsby, Alan"]
[Black "Hinks-Edwards, Thomas"]
[Result "0-1"]
[WhiteElo "2069"]
[BlackElo "2363"]
[PlyCount "56"]
[EventDate "2002.09.28"]
[EventType "swiss"]
[EventRounds "9"]
[EventCountry "IOM"]
[SourceTitle "BritBase"]
[SourceDate "2008.07.14"]
[SourceVersion "1"]
[SourceVersionDate "2008.07.14"]
[SourceQuality "2"]

1. e4 c6 2. d4 d5 3. exd5 cxd5 4. Bd3 Nc6 5. c3 Nf6 6. Bf4 Bg4 7. Qb3 Qc8 8.
Nd2 e6 9. Ngf3 Be7 10. O-O Bh5 11. Rae1 O-O 12. Qc2 Bg6 13. Bxg6 hxg6 14. Qd3
a6 15. Ne5 Nxe5 16. Bxe5 b5 17. Bg3 Nh5 18. Nf3 Nxg3 19. fxg3 Qc4 20. Qb1 b4
21. Ne5 Qb5 22. cxb4 Bxb4 23. Re3 Bd6 24. Ref3 Bxe5 25. dxe5 Rac8 26. R3f2 Rc4
27. h4 Qc5 28. Kh1 Qe3 0-1

[Event "Monarch Assurance Isle of Man 11th"]
[Site "Port Erin IOM"]
[Date "2002.09.29"]
[Round "2.26"]
[White "Dougherty, Michael"]
[Black "Shepherd, Michael"]
[Result "1-0"]
[WhiteElo "2320"]
[BlackElo "2071"]
[PlyCount "57"]
[EventDate "2002.09.28"]
[EventType "swiss"]
[EventRounds "9"]
[EventCountry "IOM"]
[SourceTitle "BritBase"]
[SourceDate "2008.07.14"]
[SourceVersion "1"]
[SourceVersionDate "2008.07.14"]
[SourceQuality "2"]

1. d4 e6 2. Nf3 Nf6 3. Bg5 c5 4. e3 h6 5. Bh4 Be7 6. Nbd2 b6 7. Bd3 Bb7 8. O-O
O-O 9. c3 Nc6 10. Qe2 d6 11. Rfd1 Re8 12. a4 a6 13. Rac1 d5 14. c4 cxd4 15.
Nxd4 Nb4 16. Bb1 Ne4 17. Nxe4 Bxh4 18. cxd5 Nxd5 19. Nc6 Bxc6 20. Rxc6 Qd7 21.
Rc4 Rec8 22. Rcd4 Qc6 23. Ba2 Be7 24. Bxd5 exd5 25. Nc3 Ra7 26. Nxd5 Bc5 27.
R4d2 Qxa4 28. b4 Bf8 29. Nxb6 1-0

[Event "Monarch Assurance Isle of Man 11th"]
[Site "Port Erin IOM"]
[Date "2002.09.29"]
[Round "2.27"]
[White "Hanley, James"]
[Black "Collins, Sam IRL"]
[Result "1-0"]
[WhiteElo "1990"]
[BlackElo "2313"]
[PlyCount "111"]
[EventDate "2002.09.28"]
[EventType "swiss"]
[EventRounds "9"]
[EventCountry "IOM"]
[SourceTitle "BritBase"]
[SourceDate "2008.07.14"]
[SourceVersion "1"]
[SourceVersionDate "2008.07.14"]
[SourceQuality "2"]

1. e4 c5 2. Nf3 e6 3. c3 Nf6 4. e5 Nd5 5. d4 cxd4 6. cxd4 b6 7. Nc3 Nxc3 8.
bxc3 Qc7 9. Bd2 d6 10. Bd3 Nd7 11. Qe2 dxe5 12. Nxe5 Nxe5 13. dxe5 Bc5 14. O-O
Bb7 15. Bb5+ Bc6 16. Qe4 Rc8 17. Bxc6+ Qxc6 18. Qg4 Kf8 19. Rad1 h5 20. Qh4 Re8
21. Bg5 Qc7 22. Qf4 Kg8 23. Qa4 Rf8 24. Bf4 Qb8 25. Rd7 b5 26. Qc2 h4 27. h3
Rh5 28. Qe2 g6 29. Qe4 Bb6 30. Rfd1 Rf5 31. R1d2 g5 32. Bh2 Qc8 33. R7d3 Qc4
34. Qxc4 bxc4 35. Rd7 f6 36. Re2 Rxf2 37. Rxf2 fxe5 38. Rdd2 e4 39. Kf1 Bxf2
40. Rxf2 Rd8 41. Re2 Rd3 42. Be5 e3 43. Ke1 Rd5 44. Bd4 Ra5 45. Bxe3 Kf7 46.
Bd4 a6 47. Kd1 Ke7 48. Kc1 Kd6 49. Rd2 Rf5 50. Kb2 Kd5 51. Bg1+ Kc6 52. Rd4 e5
53. Rxc4+ Kd5 54. Rg4 e4 55. Bd4 a5 56. Kb3 1-0

[Event "Monarch Assurance Isle of Man 11th"]
[Site "Port Erin IOM"]
[Date "2002.09.29"]
[Round "2.28"]
[White "Hutchinson, Norman A"]
[Black "Purton, Ben"]
[Result "1/2-1/2"]
[WhiteElo "2175"]
[BlackElo "2067"]
[PlyCount "85"]
[EventDate "2002.09.28"]
[EventType "swiss"]
[EventRounds "9"]
[EventCountry "IOM"]
[SourceTitle "BritBase"]
[SourceDate "2008.07.14"]
[SourceVersion "1"]
[SourceVersionDate "2008.07.14"]
[SourceQuality "2"]

1. e4 c5 2. c3 d5 3. exd5 Qxd5 4. Nf3 Nf6 5. d4 Bg4 6. Nbd2 Nc6 7. Bc4 Bxf3 8.
Qb3 Na5 9. Qb5+ Qd7 10. Nxf3 Nxc4 11. Qxc4 cxd4 12. Nxd4 Rc8 13. Qe2 e6 14. O-O
Be7 15. Rd1 Qa4 16. Bg5 O-O 17. Nxe6 Rfe8 18. Nd4 Ba3 19. Be3 Nd5 {(=)} 20. Re1
Nxe3 21. fxe3 Bc5 22. Qf3 Qa6 23. a3 Qb6 24. Re2 Rc7 25. Rf1 g6 26. b4 Bf8 27.
c4 Bg7 28. c5 Qa6 29. Rfe1 Rce7 30. Nc2 Re4 31. Rf1 f5 32. Rd2 Qa4 33. Qg3 Bc3
34. Re2 Be5 35. Qf3 Qb3 36. Qf2 Bf4 37. Nd4 Qxe3 38. Nb5 Qxe2 39. Qxe2 Rxe2 40.
Rxf4 Ra2 41. Kf1 Ree2 42. Nc3 Rec2 43. Nxa2 1/2-1/2

[Event "Monarch Assurance Isle of Man 11th"]
[Site "Port Erin IOM"]
[Date "2002.09.29"]
[Round "2.29"]
[White "Goodger, Martyn"]
[Black "Spanton, Tim"]
[Result "1/2-1/2"]
[WhiteElo "2133"]
[BlackElo "2008"]
[PlyCount "120"]
[EventDate "2002.09.28"]
[EventType "swiss"]
[EventRounds "9"]
[EventCountry "IOM"]
[SourceTitle "BritBase"]
[SourceDate "2008.07.14"]
[SourceVersion "1"]
[SourceVersionDate "2008.07.14"]
[SourceQuality "2"]

1. e4 c5 2. c3 g6 3. d4 cxd4 4. cxd4 d5 5. exd5 Nf6 6. Bb5+ Nbd7 7. Nc3 Bg7 8.
d6 exd6 9. Qe2+ Qe7 10. Bf4 d5 11. Qxe7+ Kxe7 12. O-O-O a6 13. Re1+ Kd8 14. Bd3
Nb6 15. Nf3 Nh5 16. Bg5+ f6 17. Bd2 Re8 18. h3 Bf8 19. g4 Ng7 20. a4 Bb4 21. b3
Bd7 22. Kb2 Rc8 23. Rc1 Ne6 24. Be3 Rc7 25. Ne2 Ke7 26. Rxc7 Nxc7 27. Ne1 a5
28. Nc2 Bd6 29. Bd2 Ra8 30. f4 Nc8 31. Nc3 Na7 32. Ne3 Bc6 33. f5 Kf7 34. fxg6+
hxg6 35. h4 Rh8 36. h5 gxh5 37. gxh5 Bf4 38. Bg6+ Kf8 39. Rf1 Bg5 40. Rf2 b5
41. Nf5 Bxd2 42. Rxd2 bxa4 43. bxa4 Nc8 44. Rc2 Bd7 45. Nb5 Ne6 46. Ng3 Nb6 47.
Nd6 Nxa4+ 48. Ka3 Nb6 49. Ngf5 Nf4 50. Rb2 Bxf5 51. Bxf5 Nc4+ 52. Nxc4 dxc4 53.
Rb8+ Kg7 54. Rb7+ Kh6 55. Rc7 Rd8 56. Rxc4 Kxh5 57. Rc5 Rd5 58. Rxd5 Nxd5 59.
Ka4 Kg5 60. Bd3 f5 1/2-1/2

[Event "Monarch Assurance Isle of Man 11th"]
[Site "Port Erin IOM"]
[Date "2002.09.29"]
[Round "2.30"]
[White "Waugh, Jonathon C"]
[Black "Ellison, D George"]
[Result "0-1"]
[WhiteElo "1930"]
[BlackElo "2116"]
[PlyCount "120"]
[EventDate "2002.09.28"]
[EventType "swiss"]
[EventRounds "9"]
[EventCountry "IOM"]
[SourceTitle "BritBase"]
[SourceDate "2008.07.14"]
[SourceVersion "1"]
[SourceVersionDate "2008.07.14"]
[SourceQuality "2"]

1. e4 c5 2. Nc3 Nc6 3. d3 g6 4. g3 Bg7 5. Be3 d6 6. Qd2 Nd4 7. Bg2 Rb8 8. Nd1
e5 9. c3 Nc6 10. Ne2 Nf6 11. Bh6 O-O 12. Bxg7 Kxg7 13. O-O d5 14. exd5 Nxd5 15.
Ne3 Be6 16. Rad1 Qd7 17. Nxd5 Bxd5 18. Bxd5 Qxd5 19. b3 Rbd8 20. Qe3 Rd7 21.
Rd2 Rfd8 22. Rfd1 b6 23. d4 cxd4 24. cxd4 Qe6 25. dxe5 Rxd2 26. Rxd2 Rxd2 27.
Qxd2 Qxe5 28. Qc3 Qxc3 29. Nxc3 Kf6 30. f4 Ke6 31. Kf2 Kd6 32. Ke3 Kc5 33. a3
Na5 34. Ne4+ Kc6 35. Nd2 Kd5 36. Kd3 b5 37. b4 Nc6 38. Nf3 f6 39. Nd2 a6 40.
Nb3 g5 41. Nc5 gxf4 42. gxf4 a5 43. Na6 axb4 44. axb4 Ke6 45. Ke4 f5+ 46. Kd3
Kd6 47. Ke3 Ne7 48. Kf3 Nd5 49. Kg3 Kc6 50. Kh4 h6 51. Kh5 Nxf4+ 52. Kxh6 Nh3
53. Nc5 Kd5 54. Kh5 Nf2 55. Kh4 f4 56. h3 Ke5 57. Nb3 Ke4 58. Nc5+ Ke3 59. Nb3
f3 60. Kg3 Ne4+ 0-1

[Event "Monarch Assurance Isle of Man 11th"]
[Site "Port Erin IOM"]
[Date "2002.09.29"]
[Round "2.31"]
[White "Cheshire, Paul"]
[Black "Cafolla, Peter"]
[Result "0-1"]
[WhiteElo "1775"]
[BlackElo "2109"]
[PlyCount "52"]
[EventDate "2002.09.28"]
[EventType "swiss"]
[EventRounds "9"]
[EventCountry "IOM"]
[SourceTitle "BritBase"]
[SourceDate "2008.07.14"]
[SourceVersion "1"]
[SourceVersionDate "2008.07.14"]
[SourceQuality "2"]

1. e4 c5 2. Nf3 Nc6 3. d4 cxd4 4. Nxd4 Nf6 5. Nc3 e5 6. Ndb5 d6 7. Bg5 a6 8.
Bxf6 gxf6 9. Na3 b5 10. Nd5 f5 11. Bd3 Be6 12. c3 Bg7 13. Qf3 f4 14. g3 h5 15.
gxf4 exf4 16. e5 Nxe5 17. Nc7+ Qxc7 18. Qxa8+ Kd7 19. Qe4 d5 20. Qe2 Bg4 21.
Qc2 Nf3+ 22. Kf1 Bh3+ 23. Ke2 Bg2 24. Bf5+ Kd8 25. Rhd1 Re8+ 26. Kd3 Qc4+ 0-1

[Event "Monarch Assurance Isle of Man 11th"]
[Site "Port Erin IOM"]
[Date "2002.09.30"]
[Round "3.1"]
[White "Zapata, Alonso"]
[Black "Stocek, Jiri"]
[Result "1/2-1/2"]
[WhiteElo "2549"]
[BlackElo "2555"]
[PlyCount "53"]
[EventDate "2002.09.28"]
[EventType "swiss"]
[EventRounds "9"]
[EventCountry "IOM"]
[SourceTitle "BritBase"]
[SourceDate "2008.07.14"]
[SourceVersion "1"]
[SourceVersionDate "2008.07.14"]
[SourceQuality "2"]

1. e4 c5 2. Nf3 d6 3. d4 cxd4 4. Nxd4 Nf6 5. Nc3 e6 6. Bc4 Be7 7. g4 O-O 8. Bb3
Nc6 9. g5 Nd7 10. Rg1 Nxd4 11. Qxd4 Ne5 12. Qd1 b5 13. Nxb5 Bb7 14. Nc3 d5 15.
exd5 Bb4 16. f4 Ng6 17. Be3 Bxc3+ 18. bxc3 exd5 19. Qd4 Nh4 20. O-O-O Re8 21.
Qb4 Qb8 22. Rd3 a5 23. Qc5 Nf5 24. Bd2 Rc8 25. Qa3 Rd8 26. Qc5 Rc8 27. Qa3
1/2-1/2

[Event "Monarch Assurance Isle of Man 11th"]
[Site "Port Erin IOM"]
[Date "2002.09.30"]
[Round "3.2"]
[White "Kogan, Artur"]
[Black "Epishin, Vladimir"]
[Result "1/2-1/2"]
[WhiteElo "2530"]
[BlackElo "2643"]
[PlyCount "37"]
[EventDate "2002.09.28"]
[EventType "swiss"]
[EventRounds "9"]
[EventCountry "IOM"]
[SourceTitle "BritBase"]
[SourceDate "2008.07.14"]
[SourceVersion "1"]
[SourceVersionDate "2008.07.14"]
[SourceQuality "2"]

1. Nf3 Nf6 2. d4 e6 3. c4 b6 4. Nc3 Bb7 5. Bg5 Be7 6. e3 Ne4 7. Bxe7 Qxe7 8.
Nxe4 Bxe4 9. Bd3 Qb4+ 10. Qd2 Qxd2+ 11. Kxd2 Bxd3 12. Kxd3 a5 13. Rhc1 Ke7 14.
Nd2 Rc8 15. b3 d6 16. a3 Na6 17. Ne4 Rab8 18. Rab1 c6 19. Nc3 1/2-1/2

[Event "Monarch Assurance Isle of Man 11th"]
[Site "Port Erin IOM"]
[Date "2002.09.30"]
[Round "3.3"]
[White "Dautov, Rustem"]
[Black "Hebden, Mark"]
[Result "1-0"]
[WhiteElo "2617"]
[BlackElo "2534"]
[PlyCount "107"]
[EventDate "2002.09.28"]
[EventType "swiss"]
[EventRounds "9"]
[EventCountry "IOM"]
[SourceTitle "BritBase"]
[SourceDate "2008.07.14"]
[SourceVersion "1"]
[SourceVersionDate "2008.07.14"]
[SourceQuality "2"]

1. d4 Nf6 2. Nf3 g6 3. c4 Bg7 4. g3 O-O 5. Bg2 d6 6. O-O Nc6 7. Nc3 Rb8 8. Qd3
Bg4 9. d5 Nb4 10. Qd1 c5 11. e4 e5 12. Be3 Na6 13. h3 Bd7 14. Nd2 Nc7 15. a4 a6
16. a5 b5 17. axb6 Rxb6 18. Ra2 Qe7 19. Kh2 Rfb8 20. b3 h5 21. Na4 Bxa4 22.
Rxa4 Kh8 23. Qc2 h4 24. Ra3 hxg3+ {(=)} 25. fxg3 Ng8 26. Nf3 Bh6 27. Bg1 Ne8
28. Ne1 Ngf6 29. Nd3 Nd7 30. g4 Ng7 31. Rb1 f5 32. Qe2 Qg5 33. Bf3 Nf6 34. Rb2
fxg4 35. hxg4 Nh7 36. Bf2 Qf6 37. Kg1 Qg5 38. Kh2 Qf6 39. Kg1 Qg5 40. Kh1 Ne8
41. b4 Nef6 42. Raa2 cxb4 43. Bxb6 Rxb6 44. Ra4 Nd7 45. Raxb4 Rxb4 46. Rxb4
Qh4+ 47. Qh2 Qf6 48. Be2 Be3 49. Rb7 Ndf8 50. c5 Bxc5 51. Nxc5 dxc5 52. Qh6 Kg8
53. d6 Ng5 54. Bc4+ 1-0

[Event "Monarch Assurance Isle of Man 11th"]
[Site "Port Erin IOM"]
[Date "2002.09.30"]
[Round "3.5"]
[White "Neverov, Valery"]
[Black "Miezis, Normunds"]
[Result "0-1"]
[WhiteElo "2587"]
[BlackElo "2510"]
[PlyCount "146"]
[EventDate "2002.09.28"]
[EventType "swiss"]
[EventRounds "9"]
[EventCountry "IOM"]
[SourceTitle "BritBase"]
[SourceDate "2008.07.14"]
[SourceVersion "1"]
[SourceVersionDate "2008.07.14"]
[SourceQuality "2"]

1. d4 e6 2. c4 b6 3. Nc3 Bb7 4. Nf3 f5 5. Bg5 Be7 6. Bxe7 Qxe7 7. e3 Nf6 8. Bd3
Ne4 9. Bxe4 fxe4 10. Nd2 d5 11. Qh5+ g6 12. Qe5 Rf8 13. Qg3 Nc6 14. a3 Rf5 15.
O-O O-O-O 16. b4 Rdf8 17. h3 Qf6 18. Rac1 Rf7 19. Nb3 Rg5 20. Qh2 dxc4 21. Nd2
Nxd4 22. exd4 Qxd4 23. Ncxe4 Bxe4 24. Rxc4 Qxd2 25. Rxe4 h5 26. h4 Rg4 27. Qe5
Qd5 28. Qxe6+ Qxe6 29. Rxe6 Rg7 30. g3 Rc4 31. Re3 g5 32. hxg5 Rxg5 33. Rd1 a5
34. bxa5 Rxa5 35. Kg2 Rc2 36. Rd4 Rf5 37. Rf4 Ra5 38. Kh3 Ra2 39. Rff3 Kb7 40.
Kh4 Ra1 41. Kh3 Ka6 42. Rc3 c5 43. Kh4 c4 44. g4 Rh1+ 45. Rh3 Rg1 46. gxh5 Rc5
47. Rcg3 Rd1 48. f4 Rd4 49. Kg4 Rc8 50. h6 Rf8 51. Rf3 c3 52. Rxc3 Rdxf4+ 53.
Kg3 R4f6 54. Rc4 b5 55. Re4 Ka5 56. h7 Rh8 57. Re7 Rg6+ 58. Kf4 Rg1 59. Ke5 Rg6
60. Kf5 Rc6 61. Ra7+ Kb6 62. Rf7 Ka5 63. Ra7+ Kb6 64. Rd7 Ka5 65. Kg5 Rc1 66.
Kh6 Rhc8 67. Ra7+ Kb6 68. Rg7 Ka5 69. Rh5 R1c6+ 70. Kg5 Rc5+ 71. Kh4 Rc1 72.
Ra7+ Kb6 73. Rf7 Rh1+ 0-1

[Event "Monarch Assurance Isle of Man 11th"]
[Site "Port Erin IOM"]
[Date "2002.09.30"]
[Round "3.8"]
[White "Lalic, Bogdan"]
[Black "Marchand, Francois"]
[Result "1-0"]
[WhiteElo "2540"]
[BlackElo "2237"]
[PlyCount "99"]
[EventDate "2002.09.28"]
[EventType "swiss"]
[EventRounds "9"]
[EventCountry "IOM"]
[SourceTitle "BritBase"]
[SourceDate "2008.07.14"]
[SourceVersion "1"]
[SourceVersionDate "2008.07.14"]
[SourceQuality "2"]

1. d4 Nf6 2. c4 e5 3. dxe5 Ng4 4. e4 Nxe5 5. f4 Nec6 6. Nf3 Bc5 7. Nc3 a5 8.
Bd3 d6 9. Qe2 Bg4 10. Be3 Bxf3 11. Qxf3 Nd4 12. Qg3 O-O 13. O-O-O Nd7 14. e5
dxe5 15. fxe5 Ne6 16. Bxc5 Nexc5 17. Bf5 Ra6 18. Nd5 Rg6 19. Bxg6 hxg6 20. Rhe1
c6 21. Nf4 g5 22. Nh3 Ne6 23. Qd3 Ndc5 24. Qxd8 Rxd8 25. Rxd8+ Nxd8 26. Kd2
Nde6 27. Nf2 Kf8 28. Ne4 Nxe4+ 29. Rxe4 Ke7 30. Re3 Nc5 31. Ra3 b6 32. Ke3 Ke6
33. Kd4 Kf5 34. Rf3+ Ke6 35. Rh3 Kf5 36. Rh8 Ne6+ 37. Ke3 Nf4 38. Rb8 Nxg2+ 39.
Kf3 Nh4+ 40. Kg3 Ng6 41. Rxb6 Nxe5 42. b4 axb4 43. Rxb4 Ke4 44. a4 f5 45. a5
f4+ 46. Kg2 f3+ 47. Kf1 c5 48. Rb5 Ng4 49. a6 Nxh2+ 50. Kg1 1-0

[Event "Monarch Assurance Isle of Man 11th"]
[Site "Port Erin IOM"]
[Date "2002.09.30"]
[Round "3.9"]
[White "Palus, Ryszard"]
[Black "Felgaer, Ruben"]
[Result "0-1"]
[WhiteElo "2232"]
[BlackElo "2528"]
[PlyCount "58"]
[EventDate "2002.09.28"]
[EventType "swiss"]
[EventRounds "9"]
[EventCountry "IOM"]
[SourceTitle "BritBase"]
[SourceDate "2008.07.14"]
[SourceVersion "1"]
[SourceVersionDate "2008.07.14"]
[SourceQuality "2"]

1. d4 d5 2. c4 c6 3. Nc3 dxc4 4. e4 b5 5. a4 b4 6. Nb1 Ba6 7. Nf3 Nf6 8. e5 Nd5
9. Be2 e6 10. O-O Be7 11. Qc2 b3 12. Qe4 O-O 13. Nfd2 c5 14. dxc5 Nd7 15. Nxc4
Nxc5 16. Qg4 Kh8 17. Nbd2 Qc7 18. Nf3 f5 19. exf6 gxf6 20. Bd2 Rg8 21. Qh5 Ne4
22. Bd3 Nf4 23. Bxf4 Qxf4 24. Rae1 Bb7 25. Ncd2 f5 26. Bxe4 fxe4 27. Qe5+ Qxe5
28. Nxe5 e3 29. Ndf3 exf2+ 0-1

[Event "Monarch Assurance Isle of Man 11th"]
[Site "Port Erin IOM"]
[Date "2002.09.30"]
[Round "3.10"]
[White "Rotstein, Arkadij"]
[Black "Rayner, Francis"]
[Result "1-0"]
[WhiteElo "2557"]
[BlackElo "2219"]
[PlyCount "67"]
[EventDate "2002.09.28"]
[EventType "swiss"]
[EventRounds "9"]
[EventCountry "IOM"]
[SourceTitle "BritBase"]
[SourceDate "2008.07.14"]
[SourceVersion "1"]
[SourceVersionDate "2008.07.14"]
[SourceQuality "2"]

1. Nf3 c5 2. e4 e6 3. d3 Nc6 4. g3 d5 5. Qe2 Nf6 6. Bg2 Be7 7. O-O b6 8. e5 Nd7
9. c4 d4 10. Ne1 Bb7 11. f4 Qc7 12. Nd2 O-O-O 13. Ne4 h6 14. Bd2 Rdf8 15. Nf3
Rhg8 16. a3 g5 17. b4 gxf4 18. Bxf4 Ncxe5 19. Nxe5 Nxe5 20. bxc5 bxc5 21. Rab1
Bc6 22. Rb3 f6 23. Rfb1 Kd7 24. Nd2 Bd6 25. Bxe5 Bxe5 26. Rb7 Bxb7 27. Rxb7
Qxb7 28. Bxb7 Rb8 29. Qe4 Ke7 30. Nf3 Bd6 31. Bd5 Rb1+ 32. Kg2 Be5 33. Nxe5
exd5 34. Qh7+ 1-0

[Event "Monarch Assurance Isle of Man 11th"]
[Site "Port Erin IOM"]
[Date "2002.09.30"]
[Round "3.11"]
[White "Blackburn, Jonathan LB"]
[Black "Sulskis, Sarunas"]
[Result "0-1"]
[WhiteElo "2158"]
[BlackElo "2577"]
[PlyCount "92"]
[EventDate "2002.09.28"]
[EventType "swiss"]
[EventRounds "9"]
[EventCountry "IOM"]
[SourceTitle "BritBase"]
[SourceDate "2008.07.14"]
[SourceVersion "1"]
[SourceVersionDate "2008.07.14"]
[SourceQuality "2"]

1. d4 c5 2. d5 e5 3. g3 d6 4. Bg2 g6 5. c4 h5 6. Nc3 h4 7. e4 Bh6 8. a3 Kf8 9.
h3 hxg3 10. fxg3 Kg7 11. Bxh6+ Rxh6 12. Qd2 a6 13. Nf3 b5 14. cxb5 axb5 15.
Nxb5 Ba6 16. Nc3 Nd7 17. b3 Ngf6 18. g4 Rh8 19. Qc2 Rb8 20. Kd2 Qb6 21. Rhb1 {
(=)} Qa7 22. Kd1 Nf8 23. b4 cxb4 24. axb4 Qb6 25. b5 Bb7 26. Qe2 N8d7 27. Ra3
Rhc8 28. Rba1 Qc5 29. Ke1 Qb4 30. Qd2 Rc4 31. Ng5 Rbc8 32. Ne2 Qxb5 33. Qd3 Nc5
34. Qe3 Rc2 35. Bf3 Rb2 36. Kf2 Ba6 37. R1a2 Rxa2 38. Rxa2 Qb1 39. Ra3 Rb8 40.
Kg3 Bxe2 41. Qxe2 Qg1+ 42. Bg2 Rb4 43. Re3 Rb2 44. Qxb2 Qxe3+ 45. Nf3 Qf4+ 46.
Kh4 Nfxe4 0-1

[Event "Monarch Assurance Isle of Man 11th"]
[Site "Port Erin IOM"]
[Date "2002.09.30"]
[Round "3.12"]
[White "Burrows, Martin"]
[Black "Peralta, Fernando"]
[Result "1-0"]
[WhiteElo "2196"]
[BlackElo "2499"]
[PlyCount "67"]
[EventDate "2002.09.28"]
[EventType "swiss"]
[EventRounds "9"]
[EventCountry "IOM"]
[SourceTitle "BritBase"]
[SourceDate "2008.07.14"]
[SourceVersion "1"]
[SourceVersionDate "2008.07.14"]
[SourceQuality "2"]

1. e4 d6 2. d4 Nf6 3. Nc3 g6 4. Be3 c6 5. Qd2 b5 6. f3 Nbd7 7. g4 Nb6 8. h4 h5
9. g5 Nfd7 10. f4 e6 11. d5 cxd5 12. exd5 Bb7 13. Bd4 Nxd5 14. Bg2 Rg8 15. Nxd5
exd5 16. O-O-O Be7 17. Nh3 Nc5 18. Rhf1 Qd7 19. f5 Ne4 20. Qe3 Qc6 21. Kb1 gxf5
{(=)} 22. Rxf5 Rc8 23. Rc1 Qd7 24. Rf4 f5 25. Bf3 Bf8 26. Bxh5+ Kd8 27. Bxa7
Rc4 28. Be2 Rc5 29. Nf2 d4 30. Bb6+ Kc8 31. Qa3 Rc6 32. Nxe4 d5 33. Nc5 Qe7 34.
Qa7 1-0